00727cam a22002411 4500001001300000003000400013005001700017008004100034010001700075025001800092035001900110040002500129042001200154043001200166050001700178110005400195245002800249260002000277300005000297500008300347651003800430999001700468ne 62001682 DLC20260227111738.0830621s1960 ua ab f000 0 eng  ane 62001682  aPL480:UAR-287 a(OCoLC)9630050 aDLCcICIUdICIUdDLC apremarc af-ua---00aHA2042b.A561 aEgypt.bWizārat al-Iqtiṣād wa-al-Tijārah.12aA statistical portrait. a[Cairo,c1960?] a175 p.billus. (part col.) col. maps.c25 cm. aAt head of title: United Arab Republic, Egyptian Region, Ministry of Economy. 0aUnited Arab RepublicvStatistics. c45342d45342